Kỹ thuật gấp hình ở tiểu học /

Na minha lista:
Detalhes bibliográficos
Autor principal: Lê Thu Hiền.
Formato: Sách giấy
Idioma:Vietnamese
Publicado em: H. : Đại học Quốc gia, 2001.
Assuntos:
Tags: Adicionar Tag
Sem tags, seja o primeiro a adicionar uma tag!
Thư viện lưu trữ: Thư viện Trường Đại học Đà Lạt
LEADER 00685nam a2200289 4500
001 DLU120134089
005 ##20120419
040 # # |a DLU  |b vie 
041 # # |a vie 
044 # # |a vn 
082 # # |a 736.980 7  |b LE-H 
100 # # |a Lê Thu Hiền. 
245 # # |a Kỹ thuật gấp hình ở tiểu học /  |c Lê Thu Hiền. 
260 # # |a H. :  |b Đại học Quốc gia,  |c 2001. 
300 # # |a 144 tr. :  |b minh hoạ ;  |c 20 cm. 
650 # # |a Origami. 
923 # # |a 01/2012SP 
991 # # |a GT 
992 # # |a 13000 
994 # # |a KSP 
900 # # |a True 
911 # # |a Nguyễn Thanh Hương 
925 # # |a G 
926 # # |a A 
927 # # |a SH 
980 # # |a Thư viện Trường Đại học Đà Lạt